000 00646nam a2200217Ia 4500
003 GCL
008 140319s9999 xx 000 0 ara d
040 _aGCL /
_cGCL
082 0 4 _aد
_b050
_bا ا
100 1 _aابراهيم اليازجى
245 1 0 _aالبيان: مجلة علمية ادبية طبية صناعية (1898-1897) /
_cابراهيم اليازجى
700 1 _aبشارة زلزل
300 _a3 مجلدات
490 _aماذا اعرف
_v0
650 0 4 _aالطب
650 0 4 _aالادب
650 0 4 _aدوريات
650 0 4 _aالصناعة
650 0 4 _aالدوريات العلمية
942 _2ddc
_cCF
999 _c27083
_d27083